000 00604nam a22002537a 4500
003 UA-OsUOA
001 30870
007 ta
008 20041116b un ||||| |||| 00| 0 ukr d
100 _aСтеповик Дмитро
090 _a761(477)
_bС79
942 _cBK
040 _aUA-OsUOA
_bukr
_cUA-OsUOA
_dUA-OsUOA
245 _aІван Щирський
300 _a159 с.
_bІлюстрації
955 _a0
041 _aukr
080 _a761(477)
020 _a5-7715-0055-0
260 _aКиїв
_bМистецтво
_c1988
044 _aUA
650 7 _2UDC
999 _c317285
_d317285